000 00682nam a2200289Ia 4500
005 20260324141815.0
008 008 260324s9999 xx 000 0 eng d
020 _a9780367812690
037 _aEBOOK
040 _aCRL
040 _beng
040 _cCRL
041 _2eng
041 _aeng
084 _qCRL
100 _aMark R. Servos
_91209590
245 0 _aEnvironmental Fate and Effects of Pulp and Paper
245 0 _bMill Effluents
260 _bTaylor and Francis
260 _c1996
365 _a
365 _b370
856 _uhttp://www.taylorfrancis.com/books/9780367812690
942 _cEBOOK
999 _c1813059
_d1813059